[Event "Zweibruecken PSB-ch Seniors 82nd"]
[Site "Zweibruecken"]
[Date "2013.03.29"]
[Round "2"]
[White "Klein, Hermann"]
[Black "Hiller, Joachim"]
[Result "1-0"]
[WhiteElo "1528"]
[BlackElo "1891"]
[PlyCount "89"]
[EventDate "2013.??.??"]
[EventType "tourn"]
[EventRounds "6"]
[EventCountry "GER"]
[SourceTitle "EXT 2014"]
[Source "ChessBase"]
[SourceDate "2013.11.20"]
[SourceVersion "1"]
[SourceVersionDate "2013.11.20"]
[SourceQuality "1"]

1. d4 Nf6 2. c4 c6 3. Nc3 d5 4. cxd5 cxd5 5. Nf3 Nc6 6. e3 e6 7. Be2 a6 8. a3 Bd6 9. 0-0 0-0 10. b3 b5 11. Bb2 Bb7 12. Qd2 Na5 13. Bd1 Rc8 14. Bc2 Nc6 15. Rfc1 Qe7 16. Qe2 e5 17. dxe5 Nxe5 18. Nd4 g6 19. Qf1 Neg4 20. h3 Nxe3 21. fxe3 Qxe3+ 22. Qf2 Rfe8 23. Qxe3 Rxe3 24. Nce2 Bc5 25. Kf1 Bb6 26. Nxb5 axb5 27. Bxf6 Rce8 28. Re1 d4 29. Nxd4 Bd5 30. Rxe3 Rxe3 31. Re1 Bxg2+ 32. Kf2 Rxe1 33. Kxe1 Bxd4 34. Bxd4 f5 35. h4 Kf7 36. b4 Ke6 37. a4 Kd5 38. Be3 Kc4 39. Bd2 Bc6 40. a5 Kd4 41. Ke2 Ke5 42. a6 f4 43. a7 Kd4 44. Kf2 Ke5 45. Bd1 1-0

[Event "Zweibruecken PSB-ch Seniors 82nd"]
[Site "Zweibruecken"]
[Date "2013.03.24"]
[Round "1"]
[White "Klein, Hermann"]
[Black "Ortinau, Helmut"]
[Result "0-1"]
[WhiteElo "1528"]
[BlackElo "2067"]
[PlyCount "92"]
[EventDate "2013.??.??"]
[EventType "tourn"]
[EventRounds "6"]
[EventCountry "GER"]
[SourceTitle "EXT 2014"]
[Source "ChessBase"]
[SourceDate "2013.11.20"]
[SourceVersion "1"]
[SourceVersionDate "2013.11.20"]
[SourceQuality "1"]

1. d4 Nf6 2. c4 e6 3. Nc3 Bb4 4. Bd2 b6 5. a3 Bxc3 6. Bxc3 Bb7 7. e3 0-0 8. Nf3 Ne4 9. Be2 Nxc3 10. bxc3 d6 11. 0-0 Nd7 12. Nd2 c5 13. Bf3 Qc7 14. Bxb7 Qxb7 15. Qf3 Rab8 16. Qxb7 Rxb7 17. Rfc1 f5 18. f3 Nf6 19. Rab1 Rbf7 20. Rb2 e5 21. d5 g5 22. h3 g4 23. hxg4 fxg4 24. Rf1 gxf3 25. Rxf3 Ng4 26. Rxf7 Rxf7 27. Nf1 Rxf1+ 28. Kxf1 Nxe3+ 29. Kg1 Nxc4 30. Rf2 b5 31. Rf6 a5 32. Kf2 b4 33. cxb4 cxb4 34. axb4 axb4 35. Ke2 b3 36. Kd3 b2 37. Kc2 Kg7 38. Re6 e4 39. Re7+ Kf6 40. Rxh7 e3 41. Rh1 Ke5 42. Rh5+ Ke4 43. g4 e2 44. Rh1 Ne3+ 45. Kxb2 Nf1 46. Rh8 Kd3 0-1

[Event "Zweibruecken PSB-ch Seniors 82nd"]
[Site "Zweibruecken"]
[Date "2013.03.23"]
[Round "1"]
[White "Hiller, Joachim"]
[Black "Klein, Hermann"]
[Result "1-0"]
[WhiteElo "1891"]
[BlackElo "1528"]
[PlyCount "87"]
[EventDate "2013.??.??"]
[EventType "tourn"]
[EventRounds "6"]
[EventCountry "GER"]
[SourceTitle "EXT 2014"]
[Source "ChessBase"]
[SourceDate "2013.11.20"]
[SourceVersion "1"]
[SourceVersionDate "2013.11.20"]
[SourceQuality "1"]

1. e4 d6 2. d4 Nf6 3. Nc3 g6 4. Bc4 Bg7 5. f3 0-0 6. Be3 a6 7. Qd2 b5 8. Bb3 Nbd7 9. 0-0-0 Bb7 10. Nge2 c5 11. dxc5 dxc5 12. Bd5 Nxd5 13. Nxd5 e6 14. Ndf4 Qf6 15. c3 Rfd8 16. Qc2 Bh6 17. Kb1 Bg7 18. h4 a5 19. h5 g5 20. Nd3 c4 21. Nf2 b4 22. Ng4 Qe7 23. h6 Bh8 24. Qc1 f6 25. e5 Nxe5 26. Nxe5 fxe5 27. Bxg5 Bf6 28. Bxf6 Qxf6 29. Qe3 Bc6 30. cxb4 axb4 31. Qc5 Qf5+ 32. Kc1 b3 33. Rxd8+ Rxd8 34. axb3 Qd3 35. Qxc4 Qd2+ 36. Kb1 Bd5 37. Qc2 Qb4 38. Rd1 Rb8 39. Qc3 Qxc3 40. Nxc3 Bxb3 41. Rd7 Rf8 42. Ne4 Bd5 43. Rg7+ Kh8 44. Nd6 1-0